000 00568naa a2200217 i 4500
001 48300
003 ES-MaBCM
005 20241016105048.0
008 970819s1997 esp 000 0 spa d
021 _axx
035 _a(OCoLC)1365230566
040 _cES-MaBCM
041 0 _aspa
043 _aesp
100 1 _aRevilla Revilla, Eusebio
_939153
245 1 3 _aLa pena de multa
_cEusebio Revilla Revilla
650 2 7 _aMulta
_959497
651 2 4 _aEspaƱa
_9115342
773 0 _aEn:
_tLa Ley
_dMadrid : 1997
_gt. 4, p. 1304-1310. - Loc. S.54
_w104460
942 _cAREV
999 _c48300
_d48300